000 00914nam a22002537a 4500
999 _c162161
_d162161
005 20190816154540.0
010 _a1819CHEN B-719448-468
020 _a9788180222351
_c249.00
035 _aB-719448-468
035 _aB-728614
037 _adpl
_bBlueberry
082 _aS
100 _aGrimm,Jacob
245 _aThe frog prince /
_cby Jacob Grimm [and] Wilhelm Grimm ; illustrated by Niharika Singh
260 _bPriority Publications
_c2017
_aNew Delhi
270 _a4325/3, Ansari Road, Daryaganj
_bNew Delhi
_e110002
300 _aunpaged:
_bcol. ill.
_c30cm(Hb)
500 _aAirport
700 _aGrimm, Wilhelm
700 _aSingh, Niharika
942 _2ddc
_cCH
_mGRI
_hS